Ab-Soul Discography - Statistics

General Stats
  • This quiz has been taken 13 times
  • The average score is 5 of 6
Answer Stats
Year Name Type % Correct
2012 Control System Album
100%
2016 Do What Thou Wilt. Album
100%
2009 Longterm Mixtape
100%
2014 These Days... Album
89%
2011 Longterm Mentality Album
78%
2010 Longterm 2: Lifestyles of the Broke and Almost Famous Mixtape
56%
No matching quizzes found
Score Distribution
Percent of People with Each Score
Percentile by Number Answered
Your Score History
You have not taken this quiz